[Event "Copenhagen op"]
[Site "Copenhagen"]
[Date "1987.??.??"]
[Round "5"]
[White "Agustsson, Johannes"]
[Black "Horvath, Gyula"]
[Result "0-1"]
[WhiteElo "2275"]
[BlackElo "2435"]

1.e4 c5 2.Nf3 e6 3.d4 cxd4 4.Nxd4 Nc6 5.Nc3 Qc7 6.Be2 a6 7.O-O b5 8.Bf3 Ne5
9.Bg5 Bb7 10.a4 b4 11.Nce2 Nxf3+ 12.gxf3 Bd6 13.Qd3 h6 14.Be3 Bxh2+ 15.Kg2 Nf6
16.c3 d5 17.exd5 Nxd5 18.c4 Ne7 19.Bd2 Bd6 20.Rac1 Bc5 21.Bf4 e5 22.Bg3 O-O-O
23.Rfe1 Qd7 24.Bxe5 Nc6 25.Nf4 Nxe5 26.Rxe5 Bxd4 27.Nd5 Bc5 28.Re7 Qd6 29.Qf5+ Kb8
30.Rxf7 Rhf8 31.Re1 g6 32.Rxb7+ Kxb7 33.Qg4 Rde8 34.Rd1 Qe6 35.Qg3 Qe5 36.f4 Qe4+
37.Kg1 Rf7 38.b3 g5  0-1

[Event "Copenhagen op"]
[Site "Copenhagen"]
[Date "1987.??.??"]
[Round "7"]
[White "Mortensen, Erling"]
[Black "Plachetka, Jan"]
[Result "1-0"]
[WhiteElo "2440"]
[BlackElo "2435"]

1.e4 c5 2.Nf3 e6 3.d4 cxd4 4.Nxd4 Nc6 5.Nc3 a6 6.Be2 d6 7.Be3 Nf6 8.O-O Be7
9.f4 Qc7 10.a4 O-O 11.Kh1 Re8 12.Bd3 Bd7 13.Qf3 b6 14.Rae1 Nb4 15.g4 g6 16.f5 gxf5
17.g5 Ng4 18.exf5 Ne5 19.Qh5 Nbxd3 20.cxd3 exf5 21.Nxf5 Bxf5 22.Rxf5 Bf8
23.Ne4 Bg7 24.Rg1 Kh8 25.Nf6 Bxf6 26.gxf6 Qc6+ 27.Rg2 Ng6 28.Qh6 Qc1+ 29.Bxc1 Re1+
30.Rg1  1-0

[Event "Debrecen"]
[Site "Debrecen"]
[Date "1987.??.??"]
[Round "5"]
[White "Barczay, Laszlo"]
[Black "Gauglitz, Gernot"]
[Result "1/2-1/2"]
[WhiteElo "2375"]
[BlackElo "2480"]

1.Nf3 e6 2.e4 c5 3.d4 cxd4 4.Nxd4 Nc6 5.Nc3 Nf6 6.g3 a6 7.Bg2 Qc7 8.O-O Be7
9.Re1 d6 10.Nxc6 bxc6 11.e5 dxe5 12.Rxe5 O-O 13.Bf4 Qb7 14.Re2 Rd8 15.Qe1 Bd7
16.Rb1 Rac8 17.Ne4 Be8 18.c4 Nxe4 19.Bxe4 Rd4 20.b3 Rcd8 21.Be5 R4d7 22.Bc3 Bc5
23.Ba5 Bb6 24.c5 Bxa5 25.Qxa5 f6 26.Rbb2 Rd4 27.Rbd2 Qe7 28.Rxd4 Rxd4 29.Qc3 Qd7
30.Re3 e5  1/2-1/2

[Event "HUN-ch op"]
[Site "Eger"]
[Date "1987.??.??"]
[Round "?"]
[White "Tischbierek, Raj"]
[Black "Szabolcsi, Janos"]
[Result "1-0"]
[WhiteElo "2480"]
[BlackElo "2390"]

1.e4 c5 2.Nf3 e6 3.d4 cxd4 4.Nxd4 Nc6 5.Nc3 Qc7 6.Be2 a6 7.O-O Nf6 8.Kh1 Bb4
9.Qd3 b5 10.f4 Nxd4 11.Qxd4 Bc5 12.Qd3 Bb7 13.Bf3 b4 14.e5 bxc3 15.exf6 gxf6
16.Qxc3 Bxf3 17.Rxf3 Ke7 18.b3 Bd6 19.Qd2 Rhg8 20.Bb2 Rg4 21.Rd1 Rag8 22.g3 Bc5
23.Qc3 Qc6 24.b4 Bb6 25.Qxc6 dxc6 26.Rfd3 R8g6 27.c4 Kf8 28.c5 Bc7 29.Bc1 h5
30.Rd7 h4 31.Rxc7 hxg3 32.Rd8+ Kg7 33.Rcc8  1-0

[Event "HUN-ch op"]
[Site "Eger"]
[Date "1987.??.??"]
[Round "?"]
[White "Tischbierek, Raj"]
[Black "Kuczynski, Robert"]
[Result "1-0"]
[WhiteElo "2480"]
[BlackElo "2470"]

1.e4 c5 2.Nf3 e6 3.d4 cxd4 4.Nxd4 Nc6 5.Nc3 a6 6.Be2 d6 7.O-O Nf6 8.Be3 Be7
9.f4 O-O 10.a4 Qc7 11.Kh1 Re8 12.Bd3 Bd7 13.Qf3 Nb4 14.Qg3 Bf8 15.e5 Nfd5
16.Bd2 Nxc3 17.Bxc3 Nxd3 18.cxd3 g6 19.a5 Bg7 20.Nf3 Bb5 21.f5 dxe5 22.fxg6 fxg6
23.Ng5 Qd6 24.Rf7 Qd5 25.Rxg7+ Kxg7 26.Bxe5+ Kg8 27.Nxh7 Qxd3 28.Qh4 Rad8
29.Nf6+ Kf8 30.Qh8+ Kf7 31.Qh7+ Kf8 32.Qg8+  1-0

[Event "HUN-ch op"]
[Site "Eger"]
[Date "1987.??.??"]
[Round "?"]
[White "Horvath, Jozsef"]
[Black "Fogarasi, Tibor"]
[Result "1-0"]
[WhiteElo "2465"]
[BlackElo "2310"]

1.e4 c5 2.Nf3 e6 3.d4 cxd4 4.Nxd4 Nc6 5.Nc3 Nf6 6.Ndb5 d6 7.Bf4 e5 8.Bg5 a6
9.Na3 b5 10.Nd5 Be7 11.Bxf6 Bxf6 12.c3 O-O 13.Nc2 Rb8 14.Bd3 Bg5 15.O-O Be6
16.a4 Bxd5 17.exd5 Ne7 18.Nb4 a5 19.Na6 Rc8 20.axb5 f5 21.c4 Ng6 22.c5 dxc5
23.d6 Kh8 24.Bc4 Qb6 25.Qd5 Nf4 26.Qxe5 Qb7 27.f3 Rce8 28.Qxc5 Ne2+ 29.Kh1 Be3
30.Bd5 Qxa6 31.bxa6 Bxc5 32.Rxa5 Ba7 33.g3 Rb8 34.Bb7 Nd4 35.d7 Ne6 36.Re1 Ng5
37.Re7 h6 38.h4 Nh3 39.Rxf5 Rg8 40.b3 Rbd8 41.Bd5 Bc5 42.Re2 Rxd7 43.Bxg8 Kxg8
44.Re6 Nf2+ 45.Kg2 Rd2 46.Rxc5 Ne4+ 47.Kf1 Nxc5 48.Re8+  1-0

[Event "HUN-ch op"]
[Site "Eger"]
[Date "1987.??.??"]
[Round "?"]
[White "Forgo, Eva"]
[Black "Fogarasi, Tibor"]
[Result "1-0"]
[WhiteElo "2185"]
[BlackElo "2310"]

1.e4 c5 2.Nf3 e6 3.d4 cxd4 4.Nxd4 Nc6 5.Nc3 Qc7 6.Be2 a6 7.O-O Nf6 8.Kh1 Be7
9.f4 d6 10.Be3 O-O 11.Qe1 Bd7 12.Qg3 b5 13.e5 Ne8 14.Nf3 f5 15.Rad1 Rc8 16.a3 Rf7
17.Rd2 h6 18.h4 d5 19.h5 Na5 20.Nd4 Qb7 21.Nxd5 exd5 22.e6 Bxe6 23.Nxe6 Nc4
24.Bxc4 dxc4 25.Rfd1 Nf6 26.Nd8 Bxd8 27.Rxd8+ Rf8 28.Rxf8+ Rxf8 29.Bc5 Re8
30.Qg6 Qe4 31.Bd4 Qe2 32.Rg1 Ng4 33.Be5 Rxe5  1-0

[Event "Espergaerde"]
[Site "Espergaerde"]
[Date "1987.??.??"]
[Round "6"]
[White "Hector, Jonny"]
[Black "Hutters, Tomas"]
[Result "1/2-1/2"]
[WhiteElo "2400"]
[BlackElo "2285"]

1.e4 c5 2.Nc3 e6 3.Nf3 Nc6 4.d4 cxd4 5.Nxd4 d6 6.Be3 Nf6 7.Bc4 a6 8.Qe2 Qc7
9.Bb3 b5 10.g4 b4 11.Na4 Nxe4 12.Nxe6 fxe6 13.Bb6 Qb7 14.Qxe4 Ne5 15.Qxb7 Bxb7
16.O-O-O Bxh1 17.Rxh1 d5 18.Re1 Bd6 19.Bc5 Bxc5 20.Nxc5 Nc4 21.Nxe6 Kd7 22.Nf4 Nb6
23.Nxd5 Nxd5 24.Bxd5 Rae8 25.Be4 Kc7 26.f3 h6 27.Kd2 Re5 28.Ra1 h5 29.h3 hxg4
30.hxg4 Rh2+ 31.Kd3 Rc5 32.Rc1 Ra5 33.Kc4 Rxa2 34.Kb3 Ra5 35.Kxb4 Rb5+ 36.Kc3 Rh6
37.Ra1 Rd6 38.b3 Rc5+ 39.Kb2 Rf6 40.Rh1 Kb6 41.Rh8 Rf7 42.Re8 Rg5 43.c4 a5
44.Kc3 Rc5 45.Kd4 Rfc7 46.Bd5 Rc8 47.Re6+ Ka7 48.f4 R5c7 49.f5 Rb8 50.Re3 Rf8
51.Rf3 Kb6 52.g5 a4 53.b4 a3 54.Kc3 Ra7 55.c5+ Kb5 56.Bc4+ Kc6 57.Ba2 Re7
58.Bc4 Re5 59.Kd4 Rexf5 60.Rxa3 Rf4+ 61.Kc3 Rf3+ 62.Kb2 Rxa3 63.Kxa3 Rf3+
64.Ka4 Rg3 65.Be2 Rxg5 66.Bf3+ Kc7 67.Kb5 Rf5 68.Be4 Rf4 69.Bg6 Rf6 70.Be4 g5
71.Kc4 g4 72.b5 g3 73.b6+ Kb8 74.Kd3 Rf4 75.Bd5 Rf5 76.Bg2 Rf2 77.Bd5 Rb2
78.Be4 g2 79.c6 Rxb6  1/2-1/2

[Event "Espoo"]
[Site "Espoo"]
[Date "1987.??.??"]
[Round "4"]
[White "Pulkkinen, Kari"]
[Black "Pyhala, Antti"]
[Result "1-0"]
[WhiteElo "2240"]
[BlackElo "2385"]

1.e4 c5 2.Nf3 e6 3.d4 cxd4 4.Nxd4 Nc6 5.Nc3 Qc7 6.Be2 Nf6 7.O-O a6 8.Be3 Bb4
9.Nxc6 bxc6 10.f4 Bxc3 11.bxc3 Nxe4 12.Bf3 Nf6 13.Bc5 d5 14.Qd4 Rg8 15.c4 Bb7
16.Rab1 Nd7 17.Rb3 Rd8 18.Rfb1 Bc8 19.cxd5 cxd5 20.Ba3 Qc4 21.Qxc4 dxc4 22.Rc3 g5
23.Rxc4 gxf4 24.Rc7 e5 25.Bc6 Rg6 26.Ba4 f3 27.Rb8 Rxg2+ 28.Kf1 f5 29.Rcxc8 Rxc8
30.Rxc8+ Kf7 31.Bxd7 e4 32.Rf8+ Kg7 33.Rxf5 Rxc2 34.Be8 Rxh2 35.Bf8+ Kg8
36.Bc6  1-0

[Event "Espoo"]
[Site "Espoo"]
[Date "1987.??.??"]
[Round "10"]
[White "Raaste, Eero J"]
[Black "Brinck Claussen, Bjorn"]
[Result "1/2-1/2"]
[WhiteElo "2370"]
[BlackElo "2390"]

1.e4 c5 2.Nf3 e6 3.d4 cxd4 4.Nxd4 Nc6 5.Nc3 Qc7 6.f4 a6 7.Be2 b5 8.Nxc6 Qxc6
9.Bf3 Bb7 10.Be3 Qc7 11.O-O Bc5 12.Bxc5 Qxc5+ 13.Kh1 Ne7 14.e5 Qc7 15.Ne4 O-O
16.Qd3 Ng6 17.Ng5 Rac8 18.Bxb7 Qxb7 19.Ne4  1/2-1/2

[Event "Gausdal zt"]
[Site "Gausdal"]
[Date "1987.??.??"]
[Round "?"]
[White "Ernst, Thomas"]
[Black "Ogaard, Leif"]
[Result "1-0"]
[WhiteElo "2465"]
[BlackElo "2425"]

1.e4 c5 2.Nf3 e6 3.d4 cxd4 4.Nxd4 Nc6 5.Nc3 a6 6.g3 Qc7 7.Bg2 Nf6 8.O-O Bb4
9.Bg5 Be7 10.Re1 h6 11.Bf4 e5 12.Nd5 Nxd5 13.exd5 Kf8 14.dxc6 exf4 15.Nf5 fxg3
16.hxg3 Bc5 17.Qd5 Qb6 18.Qe5 Bxf2+ 19.Kh1  1-0

[Event "Gausdal Troll Masters"]
[Site "Gausdal"]
[Date "1987.??.??"]
[Round "?"]
[White "Wibe, Terje"]
[Black "Harestad, Thor Geir"]
[Result "1-0"]
[WhiteElo "2370"]
[BlackElo "2265"]

1.e4 c5 2.Nf3 Nc6 3.Nc3 e6 4.d4 cxd4 5.Nxd4 Qc7 6.Ndb5 Qb8 7.Bg5 a6 8.Nd4 Nf6
9.Qd2 Bb4 10.Bxf6 gxf6 11.O-O-O Qe5 12.Nde2 b5 13.a3 Be7 14.f4 Qb8 15.Nd5 b4
16.Nxe7 bxa3 17.bxa3 Kxe7 18.Ng3 Ra7 19.Bc4 Rb7 20.Bb3 Qc7 21.Kb2 d6 22.Rhe1 Na5
23.Ka2 Bd7 24.e5 dxe5 25.fxe5 Nxb3 26.exf6+ Kxf6 27.Ne4+ Kg7 28.Qg5+ Kf8
29.Qh6+ Ke8 30.Nf6+ Kd8 31.Rxd7+ Qxd7 32.Nxd7  1-0

[Event "Young Men"]
[Site "Gausdal"]
[Date "1987.??.??"]
[Round "?"]
[White "Hebden, Mark"]
[Black "Mokry, Karel"]
[Result "1-0"]
[WhiteElo "2515"]
[BlackElo "2485"]

1.e4 c5 2.Nc3 Nc6 3.Nf3 e6 4.d4 cxd4 5.Nxd4 Qc7 6.f4 d6 7.Nf3 Nf6 8.Bd3 Be7
9.O-O O-O 10.a3 a6 11.Qe1 b5 12.b4 Bb7 13.e5 dxe5 14.fxe5 Nd7 15.Bf4 Rac8
16.Nd1 g6 17.Qg3 Nb6 18.Ne3 Nd5 19.Nxd5 exd5 20.e6 Qb6+ 21.Kh1 Nd8 22.Ne5 Nxe6
23.Bxg6 fxg6 24.Nxg6 Nxf4 25.Nxe7+ Kh8 26.Rxf4 Rce8 27.Raf1 Rxf4 28.Qxf4  1-0

[Event "POL-ch sf"]
[Site "Gdynia"]
[Date "1987.??.??"]
[Round "4"]
[White "Sobura, Henryk"]
[Black "Kruszynski, Wlodzimierz"]
[Result "1-0"]
[WhiteElo "2390"]
[BlackElo "2330"]

1.e4 c5 2.Nf3 e6 3.d4 cxd4 4.Nxd4 Nc6 5.Nc3 Qc7 6.Be2 a6 7.Be3 b5 8.Nxc6 Qxc6
9.Qd4 Bb7 10.a3 Qd6 11.f4 Qxd4 12.Bxd4 Nf6 13.e5 Ne4 14.Bf3 d5 15.exd6 Nxd6
16.Bxb7 Nxb7 17.Ne4 Nd6 18.Bxg7 Nxe4 19.Bxh8 f6 20.O-O-O Kf7 21.Rhe1 Nd6
22.Rd3 Be7 23.Bxf6 Kxf6 24.Rde3 Bf8 25.Rxe6+ Kf7 26.g4 a5 27.f5 Ra7 28.g5 Rc7
29.g6+ Kg8 30.R1e5 b4 31.axb4 axb4 32.Rd5 Nb7 33.h4 b3 34.c3 hxg6 35.fxg6 Bh6+
36.Kd1 Nc5 37.Rb6 Kg7 38.h5 Be3 39.Rb5 Kf6 40.Ke2 Re7 41.Kf3 Na4 42.Rxb3 Bc1
43.Rb8 Nxb2 44.Rh8 Kg7 45.Rh7+ Kf6 46.Rd6+ Re6 47.Rxe6+ Kxe6 48.Rb7 Nd3 49.g7  1-0

[Event "POL-ch sf"]
[Site "Gdynia"]
[Date "1987.??.??"]
[Round "5"]
[White "Rakowiecki, Tomasz"]
[Black "Jasnikowski, Zbigniew"]
[Result "1-0"]
[WhiteElo "2365"]
[BlackElo "2375"]

1.e4 c5 2.Nf3 e6 3.d4 cxd4 4.Nxd4 Nc6 5.Nc3 d6 6.Be3 Nf6 7.Be2 Be7 8.f4 O-O
9.Bf3 Qc7 10.Qe2 a6 11.O-O-O Nxd4 12.Rxd4 e5 13.fxe5 dxe5 14.Rc4 Qb8 15.Bb6 Bd6
16.Rd1 Be6 17.Nd5 Bxd5 18.exd5 Nd7 19.Bf2 f5 20.g4 e4 21.Bg2 Ne5 22.Rcd4 g6
23.gxf5 gxf5 24.Bxe4 fxe4 25.Rxe4 Nf3 26.Be3 Qc7 27.Rf1  1-0

[Event "POL-ch sf"]
[Site "Gdynia"]
[Date "1987.??.??"]
[Round "6"]
[White "Borkowski, Franciszek"]
[Black "Kruszynski, Wlodzimierz"]
[Result "1-0"]
[WhiteElo "2450"]
[BlackElo "2330"]

1.e4 c5 2.Nf3 e6 3.d4 cxd4 4.Nxd4 Nc6 5.Nc3 a6 6.Be2 d6 7.Be3 Nf6 8.f4 Be7
9.Bf3 Qc7 10.Qe2 Nxd4 11.Bxd4 e5 12.Be3 exf4 13.Bxf4 O-O 14.O-O-O Be6 15.Qd2 Rfd8
16.Kb1 Rac8 17.g4 Nd7 18.g5 Ne5 19.Be2 b5 20.h4 Nc4 21.Bxc4 Qxc4 22.Nd5 Bf8
23.Rhe1 Re8 24.b3 Qc5 25.h5 Bg4 26.h6 Bxd1 27.Qxd1 Re6 28.Be3 Qc6 29.Bc1 Rce8
30.Qd3 Re5 31.Rh1 Rxe4 32.hxg7 Bxg7 33.Nf6+ Bxf6 34.gxf6 Qd7 35.Rh5 Kh8 36.Qd5 Qg4
37.Qxf7 Qg8 38.Qd7 Re1 39.f7 Rxc1+ 40.Kxc1 Qg1+ 41.Kb2 Qg7+ 42.Ka3 Rf8 43.Rf5 Qg6
44.Qe7 Qg7 45.Rf6 a5 46.Kb2 h6 47.a3 Kh7 48.Ka2 b4 49.Qe4+ Kh8 50.Rg6 d5
51.Qd3 Qxf7 52.Rxh6+ Kg8 53.Qg3+  1-0

[Event "Dreszer mem"]
[Site "Gdynia"]
[Date "1987.??.??"]
[Round "8"]
[White "Jigjidsuren, Purev"]
[Black "Tomaszewski, Roman"]
[Result "1/2-1/2"]
[WhiteElo "2365"]
[BlackElo "2380"]

1.e4 c5 2.Nf3 e6 3.d4 cxd4 4.Nxd4 Nc6 5.Nc3 Qc7 6.g3 a6 7.Bg2 Nf6 8.O-O Be7
9.h3 O-O 10.Be3 d6 11.f4 Bd7 12.Nb3 b5 13.g4 b4 14.Ne2 a5 15.g5 Ne8 16.f5 Qd8
17.h4 Ne5 18.Nbd4 Rc8 19.fxe6 fxe6 20.Bh3 Rxf1+ 21.Qxf1 Nc7 22.Nf4 Kh8 23.Qe2 Qe8
24.Rf1 Bf8 25.Rf2 d5 26.Bc1 Bc5 27.c3 bxc3 28.bxc3 Nb5 29.Bb2 Nc4 30.e5 Nxb2
31.Qxb2 Ba7 32.Nfxe6 Bxe6 33.Bxe6 Bxd4 34.Bxc8 Nxc3 35.Bd7 Qxe5 36.Kf1 Bxf2
37.Qxf2 Qe7 38.Qf4 Qd8 39.Qf7 Ne4 40.Be8 Qd6 41.Bd7 Qb8 42.Qe8+ Qxe8 43.Bxe8 Nc3
44.a4 Kg8 45.Bd7 Kf8 46.Kf2 Ke7 47.Bf5 h6 48.gxh6 gxh6 49.Bc2 Kd6 50.Kf3 Ke5
51.Kg4 Ne2 52.Kh5 Ng3+ 53.Kxh6 Kf6 54.Kh7 d4  1/2-1/2

[Event "Bundesliga 8687"]
[Site "Germany"]
[Date "1987.??.??"]
[Round "?"]
[White "Brueckner, Thomas"]
[Black "Backwinkel, Paul"]
[Result "1/2-1/2"]
[WhiteElo "2345"]
[BlackElo "2345"]

1.e4 c5 2.Nf3 e6 3.Nc3 Nc6 4.d4 cxd4 5.Nxd4 Nf6 6.Nxc6 bxc6 7.e5 Nd5 8.Ne4 Qc7
9.f4 f5 10.exf6 Nxf6 11.Nxf6+ gxf6 12.Qh5+ Kd8 13.Bd2 d5 14.Bd3 Rb8 15.O-O Bb4
16.Be3 Qe7  1/2-1/2

[Event "Bundesliga 8687"]
[Site "Germany"]
[Date "1987.??.??"]
[Round "?"]
[White "Huebner, Robert"]
[Black "Ribli, Zoltan"]
[Result "1/2-1/2"]
[WhiteElo "2615"]
[BlackElo "2580"]

1.e4 c5 2.Nf3 e6 3.d4 cxd4 4.Nxd4 Nc6 5.Nc3 a6 6.Be2 Qc7 7.O-O Nf6 8.Be3 Bb4
9.Na4 O-O 10.Nxc6 bxc6 11.Nb6 Rb8 12.Nxc8 Rfxc8 13.Bxa6 Rf8 14.Qd3 Ng4 15.g3 Qa5
16.Bc4 Be7 17.Bf4 Rxb2 18.Qxd7 Qh5 19.h4 Bf6 20.Be2 Rxc2 21.Qd1 Rxe2 22.Qxe2 Bxa1
23.Rxa1 h6 24.Bd6 Ra8 25.a4 e5 26.Bc5 Qg6 27.a5 Nf6 28.Ra4 Nd7 29.Be3 Qd6
30.Qc4 Qc7 31.Bd2 Nf8 32.Bc3 Ne6 33.a6 Ra7 34.Bb4 c5 35.Bd2  1/2-1/2

[Event "Granma zt"]
[Site "Granma"]
[Date "1987.??.??"]
[Round "?"]
[White "Rodriguez, Amador"]
[Black "Zapata, Alonso"]
[Result "1-0"]
[WhiteElo "2495"]
[BlackElo "2505"]

1.e4 c5 2.Nf3 e6 3.d4 cxd4 4.Nxd4 Nc6 5.Nc3 a6 6.Be2 Qc7 7.f4 Nxd4 8.Qxd4 Ne7
9.Qf2 b5 10.Be3 Bb7 11.a3 Nc6 12.O-O Be7 13.Bb6 Qc8 14.Rad1 O-O 15.Bf3 f6
16.Rfe1 Rf7 17.a4 b4 18.Ne2 Rb8 19.Nc1 Ba8 20.Nb3 Bf8 21.Rd2 Nd8 22.f5 Bc6
23.Bc5 Qc7 24.Bxf8 Rxf8 25.a5 Rb5 26.Red1 Nf7 27.Nd4 Rxa5 28.fxe6 Ne5 29.e7 Re8
30.Nf5 g6 31.Nd6 Rxe7 32.Be2 Re6 33.Nc4 Bxe4 34.Nxa5 Qxa5 35.Rd6 Bxc2 36.Rxe6 dxe6
37.Rc1 Bf5 38.g4 Bxg4 39.Qa7 Qd8 40.Bxa6 Qd4+ 41.Qxd4 Nf3+ 42.Kf2 Nxd4 43.Rc4 e5
44.Rxb4 f5 45.Rb7 f4 46.Bc4+ Kf8 47.b4 g5 48.b5 e4 49.b6 e3+ 50.Kf1 Bh3+
51.Kg1 f3 52.Rf7+ Ke8 53.b7 f2+ 54.Kh1 Nc6 55.Rf3 g4 56.Rxe3+ Kd8 57.Rc3 Kc7
58.Ba6 f1=Q+ 59.Bxf1 Bxf1 60.Rxc6+ Kxb7 61.Rf6  1-0

[Event "Graz op"]
[Site "Graz"]
[Date "1987.??.??"]
[Round "4"]
[White "Wittmann, Walter"]
[Black "Cebalo, Miso"]
[Result "1/2-1/2"]
[WhiteElo "2400"]
[BlackElo "2500"]

1.e4 c5 2.Nf3 e6 3.d4 cxd4 4.Nxd4 Nc6 5.Nc3 d6 6.Be3 Nf6 7.Bc4 Be7 8.Bb3 a6
9.f4 O-O 10.Qf3 Nxd4 11.Bxd4 e5 12.Be3 Bg4 13.Qf2 exf4 14.Qxf4 Bh5 15.O-O Rc8
16.h3 Qa5 17.Bd4 Qb4 18.Qe3 Bg6 19.Rf4 Qa5 20.Raf1 Qg5 21.Qd3 Rfe8 22.Qf3 Kh8
23.Qd3 b5 24.Nd5 Nxd5 25.Bxd5 f6 26.Qd2 Bd8 27.c3 Rc7 28.Qf2 Bf7 29.Rg4 Qh5
30.Rh4 Qg6 31.Rg4  1/2-1/2

[Event "Graz op"]
[Site "Graz"]
[Date "1987.??.??"]
[Round "8"]
[White "Watson, William N"]
[Black "Kirov, Nino"]
[Result "1/2-1/2"]
[WhiteElo "2530"]
[BlackElo "2445"]

1.e4 c5 2.Nf3 e6 3.d4 cxd4 4.Nxd4 Nc6 5.Nc3 Qc7 6.Be2 a6 7.O-O Nf6 8.Kh1 d6
9.f4 Be7 10.Be3 O-O 11.a4 Rd8 12.Re1 Nxd4 13.Bxd4 e5 14.Be3 exf4 15.Bxf4 Be6
16.Bg3 Nd7 17.Bg4 Ne5 18.Bxe6 fxe6  1/2-1/2

[Event "DSV-Turnier"]
[Site "Halle"]
[Date "1987.??.??"]
[Round "?"]
[White "Ghinda, Mihail Viorel"]
[Black "Chekhov, Valery A"]
[Result "1-0"]
[WhiteElo "2460"]
[BlackElo "2505"]

1.e4 c5 2.Nc3 e6 3.Nf3 Nc6 4.d4 cxd4 5.Nxd4 Nf6 6.Nxc6 bxc6 7.e5 Nd5 8.Ne4 Qc7
9.f4 Qb6 10.c4 Bb4+ 11.Ke2 Ba6 12.Kf3 f5 13.Nf2 Ne7 14.Be3 Bc5 15.Bxc5 Qxc5
16.Qd6 Qa5 17.h4 c5 18.Kg3 Kf7 19.Be2 Rhd8 20.Bh5+ g6 21.Bf3 Rab8 22.h5 g5
23.fxg5 f4+ 24.Kh2 Nf5 25.Qd3 Rxb2 26.Ne4 Kg7 27.Nd6 Nh4 28.h6+ Kg8 29.Be4 Rdb8
30.Bxh7+ Kf8 31.Rhf1 Nxg2 32.Kh3 Ke7 33.Rad1 Qc7 34.Qg6 Qc6 35.Qf6+  1-0

[Event "Halle-B"]
[Site "Halle"]
[Date "1987.??.??"]
[Round "4"]
[White "Hennings, Artur"]
[Black "Kalinitschew, Sergey"]
[Result "1/2-1/2"]
[WhiteElo "2360"]
[BlackElo "2445"]

1.e4 c5 2.Nc3 Nc6 3.Nge2 e6 4.d4 cxd4 5.Nxd4 Qc7 6.Be2 Nf6 7.O-O a6 8.Be3 b5
9.Nxc6 dxc6 10.f4 Bb7 11.e5 Rd8 12.Qe1 Nd7 13.Qg3 c5 14.Rad1 g6 15.Bf3 Be7
16.Ne4 Bxe4 17.Bxe4 O-O 18.h4 c4 19.h5 Bc5 20.hxg6 Bxe3+ 21.Qxe3 hxg6 22.Rd6 Nb8
23.Rfd1 Rxd6 24.Rxd6 Rd8 25.Qd4 Rxd6 26.exd6 Qd8 27.g3 Nd7 28.Bc6 Nb8 29.Bg2 g5
30.Qc5 gxf4 31.Qc7 Qe8 32.gxf4 Kg7 33.Bb7 Kf6 34.Bc8 Qg8+ 35.Kf2 Qh7 36.Qe7+ Kg7
37.Qg5+ Kf8 38.Qe7+ Kg7 39.Qg5+  1/2-1/2

[Event "Halle-B"]
[Site "Halle"]
[Date "1987.??.??"]
[Round "7"]
[White "Horvath, Imre"]
[Black "Liebert, Heinz"]
[Result "1/2-1/2"]
[WhiteElo "2340"]
[BlackElo "2400"]

1.e4 c5 2.Nf3 Nc6 3.d4 cxd4 4.Nxd4 e6 5.Nc3 a6 6.g3 d6 7.Bg2 Bd7 8.O-O Qc7
9.Re1 Be7 10.Nb3 Nf6 11.Bf4 O-O 12.h3 Ne5 13.Qe2 b5 14.a3 Rac8 15.Nd2 a5
16.Rec1 Rb8 17.Be3 Rfc8 18.f4 Nc4 19.Nxc4 Qxc4 20.Qd3 b4 21.axb4 axb4 22.Nd1 Bb5
23.Qxc4 Rxc4 24.Ba7 Rb7 25.Ne3 Rcc7 26.Bd4 Rb8 27.c4 Be8 28.b3 Nd7 29.Nf1 Nc5
30.Rcb1 Bf6 31.Bxf6 gxf6 32.Nd2 Bc6 33.Ra5 Rcc8 34.Rba1 Ra8 35.Kf2 Rxa5 36.Rxa5 Ra8
37.Rxa8+ Bxa8 38.Bf3 Kf8 39.Ke3  1/2-1/2

[Event "Hamburg HSV"]
[Site "Hamburg"]
[Date "1987.??.??"]
[Round "?"]
[White "Rigo, Janos"]
[Black "Wegner, Hannu"]
[Result "1-0"]
[WhiteElo "2365"]
[BlackElo "2370"]

1.e4 c5 2.Nf3 e6 3.d4 cxd4 4.Nxd4 Nc6 5.Nc3 d6 6.Be3 Nf6 7.Be2 Be7 8.g4 a6
9.g5 Nd7 10.Rg1 Qc7 11.f4 b5 12.Nxc6 Qxc6 13.Bf3 Bb7 14.Qd4 O-O 15.O-O-O Rfc8
16.Kb1 a5 17.Rd2 b4 18.Ne2 e5 19.Qd3 exf4 20.Nd4 Qc7 21.Bxf4 Ne5 22.Qf1 a4
23.Nf5 Bf8 24.Bxe5 dxe5 25.Nh6+ Kh8 26.Bg4 gxh6 27.gxh6 Ra6 28.Bxc8 Bxc8
29.Rf2 Bxh6 30.Rxf7 Qd8 31.Qb5 Rg6 32.Qxe5+ Bg7 33.Rxg7  1-0

[Event "Hamburg HSV"]
[Site "Hamburg"]
[Date "1987.??.??"]
[Round "?"]
[White "Maus, Soenke"]
[Black "Stone, Raymond"]
[Result "1/2-1/2"]
[WhiteElo "2375"]
[BlackElo "2375"]

1.e4 c5 2.Nf3 Nc6 3.d4 cxd4 4.Nxd4 e6 5.Nc3 Qc7 6.f4 a6 7.Be2 d6 8.Be3 Nf6
9.O-O Be7 10.Qe1 O-O 11.Qg3 Nxd4 12.Bxd4 b5 13.e5 dxe5 14.Bxe5 Qb6+ 15.Kh1 Bb7
16.Bd3 Ne8 17.Qh3 f5 18.a4 b4 19.a5 Qc6 20.Ne2 Bd6 21.Nd4 Qd5 22.Nf3 Bxe5
23.Nxe5 Rd8 24.Bc4 Qd6 25.Rad1 Bd5 26.Bxd5 exd5 27.Qb3 Nf6 28.Rd4 Qc5 29.Rxb4 Ne4
30.Nd3 Qxa5 31.Qa4 Qc7 32.c3 Rf6 33.Rd1 Rh6 34.Kg1 Qe7 35.h3 Nc5 36.Nxc5 Qe3+
37.Kh2 Rxh3+ 38.gxh3 Qf2+ 39.Kh1 Qf3+ 40.Kg1 Qg3+  1/2-1/2

[Event "Hamburg-ch"]
[Site "Hamburg"]
[Date "1987.??.??"]
[Round "?"]
[White "Joecks, Christian"]
[Black "Wahls, Matthias"]
[Result "0-1"]
[WhiteElo "2255"]
[BlackElo "2440"]

1.e4 c5 2.Nf3 e6 3.d4 cxd4 4.Nxd4 Nc6 5.Nc3 d6 6.Be3 Nf6 7.Be2 Be7 8.O-O O-O
9.f4 Bd7 10.Kh1 Nxd4 11.Bxd4 Bc6 12.Qd3 Qa5 13.Qg3 b5 14.e5 dxe5 15.fxe5 Nd7
16.Bd3 Rac8 17.Rae1 g6 18.Ne4 Bxe4 19.Rxe4 b4 20.Qh3 Nc5 21.Bxc5 Rxc5 22.Qg3 Qxa2
23.Rxb4 Rc7 24.Rb3 Qa4 25.Rf4 Qa5 26.Rb5 Qd2 27.h3 Bc5 28.Rf1 Rd8 29.Qf3 Bb6
30.Qf6 Rdc8 31.Rb3 Qh6 32.Ba6 Rf8 33.c3 Rd7 34.Rb4 Rd2 35.Bb5 Qg7 36.Qf4 Rd5
37.Re1 Bc7 38.Bc6 Rxe5 39.Rxe5 Bxe5 40.Qe3 Rd8 41.Bf3 Bb8 42.Rb7 Qf6 43.c4 Kg7
44.c5 Bf4 45.Qe1 Rd2 46.c6 Rc2 47.Rd7 Be5 48.Qe3 Rxb2 49.Rd1 Rc2 50.Re1 Bc7
51.Rf1 Qe5  0-1

[Event "Hastings8788"]
[Site "Hastings"]
[Date "1987.??.??"]
[Round "2"]
[White "Chandler, Murray G"]
[Black "Benjamin, Joel"]
[Result "1/2-1/2"]
[WhiteElo "2575"]
[BlackElo "2575"]

1.e4 c5 2.Nf3 Nc6 3.d4 cxd4 4.Nxd4 e6 5.Nc3 Qc7 6.f4 a6 7.Be2 b5 8.Nxc6 Qxc6
9.Bf3 Bb7 10.Be3 Rc8 11.a3 Qc4 12.Qd3 Nf6 13.O-O h5 14.h3 Bc5 15.Bxc5 Qxc5+
16.Rf2 e5 17.Nd5 Bxd5 18.exd5 exf4 19.Re1+ Kd8 20.Qf5 Qd6 21.Qg5 g6 22.Bd1 Re8
23.Rxe8+ Kxe8 24.Rxf4 Ng8 25.c3 Kf8 26.Re4 Nf6 27.Re1 Kg7 28.Bb3 a5 29.Qd2 Re8
30.Rxe8 Nxe8 31.a4 bxa4 32.Bxa4 Nf6 33.Qd4 Kh7 34.c4 Qe7 35.d6 Qe1+ 36.Kh2 Ne4
37.Qe5 f6 38.Qe7+ Kh6 39.Bxd7 Qg3+ 40.Kg1 Qe1+ 41.Kh2 Qg3+ 42.Kh1 Qf4 43.Bc6 Ng3+
44.Kg1 Qd4+ 45.Kh2 Nf1+  1/2-1/2

[Event "Hastings op8788"]
[Site "Hastings"]
[Date "1987.??.??"]
[Round "7"]
[White "Plaskett, Jim"]
[Black "Wahls, Matthias"]
[Result "1-0"]
[WhiteElo "2460"]
[BlackElo "2440"]

1.e4 c5 2.Nf3 e6 3.d4 cxd4 4.Nxd4 Nc6 5.Nc3 d6 6.Be3 Nf6 7.Bc4 a6 8.Bb3 Be7
9.Qe2 O-O 10.O-O-O Qe8 11.Rhg1 Nd7 12.g4 Nc5 13.g5 b5 14.Qh5 b4 15.Nxc6 Nxb3+
16.axb3 Qxc6 17.Bd4 Bd7 18.Rg4 bxc3 19.Rh4 Bxg5+ 20.Qxg5 f6 21.Qh5 cxb2+
22.Bxb2 h6 23.Rg1 Rf7 24.Qxh6 Kf8 25.Rxg7  1-0

[Event "POL-chT"]
[Site "Jachranka"]
[Date "1987.??.??"]
[Round "6"]
[White "Brustman, Agnieszka"]
[Black "Sikora Gizynska, Bozena"]
[Result "1-0"]
[WhiteElo "2335"]
[BlackElo "2155"]

1.e4 c5 2.Nf3 e6 3.d4 cxd4 4.Nxd4 Nc6 5.Nc3 a6 6.Be2 Nge7 7.f4 b5 8.Bf3 Nxd4
9.Qxd4 Nc6 10.Qf2 Be7 11.O-O O-O 12.Be3 Bb7 13.Rad1 Rc8 14.e5 f6 15.Qd2 Rf7
16.exf6 Bxf6 17.Ne4 d5 18.Nc5 Qe7 19.c3 Kh8 20.f5 Nd8 21.Nxb7 Qxb7 22.fxe6 Nxe6
23.Bxd5 Qd7 24.Rfe1 Be5 25.Bf2 Rcf8 26.Bc5 Nxc5 27.Bxf7 Bxh2+ 28.Kxh2 Qxf7
29.Kg1 Ne6 30.Qe3 Nc7 31.Rf1 Qe8 32.Rxf8+ Qxf8 33.Qe5 Qc8 34.Qe7 Ne6 35.Rd7 Qg8
36.Ra7 h6 37.Rxa6 Ng5 38.Rd6 Qxa2 39.Qf8+ Kh7 40.Qf5+  1-0

[Event "Jakarta zt"]
[Site "Jakarta"]
[Date "1987.??.??"]
[Round "?"]
[White "Qi Jingxuan"]
[Black "Sitanggang, Salor"]
[Result "1-0"]
[WhiteElo "2490"]
[BlackElo "2410"]

1.e4 c5 2.Nf3 Nc6 3.d4 cxd4 4.Nxd4 e6 5.Nc3 a6 6.Nxc6 bxc6 7.Bd3 Qc7 8.O-O Nf6
9.f4 d5 10.e5 Nd7 11.Na4 a5 12.Be3 c5 13.c4 d4 14.Bd2 Bb7 15.b3 Be7 16.Nb2 f5
17.exf6 Nxf6 18.Qe2 Ra6 19.Rae1 O-O 20.Bc2 Kh8 21.Qd3 g6 22.Qh3 Kg8 23.Re2 Rf7
24.Rfe1 Bc8 25.Qf3 Bb7 26.Qf2 Ng4 27.Qg3 Ne3 28.Bxe3 dxe3 29.Nd3 Bd6 30.Qxe3 g5
31.Qxe6 Bxf4 32.Qh3 Bd6 33.Ne5 Bxe5 34.Rxe5 h6 35.Re8+ Kg7 36.Qd3  1-0

[Event "URS-FL"]
[Site "Kursk"]
[Date "1987.??.??"]
[Round "?"]
[White "Yakovich, Yuri"]
[Black "Melnikov, A."]
[Result "1/2-1/2"]
[WhiteElo "2450"]
[BlackElo "2335"]

1.e4 c5 2.Nf3 e6 3.d4 cxd4 4.Nxd4 Nc6 5.Nc3 d6 6.f4 Nf6 7.Be3 e5 8.fxe5 Ng4
9.Bg1 Ngxe5 10.Qd2 Be7 11.O-O-O Nxd4 12.Bxd4 O-O 13.Kb1 Be6 14.Bb5 Nc6 15.Be3 Bf6
16.Nd5 Be5 17.Bg5 f6 18.Be3 Rc8 19.h3 Ne7 20.Nf4 Bf7 21.Be2 f5 22.Bd3 Qd7
23.exf5 Nxf5 24.Bxf5  1/2-1/2